00409cam a2200169ua 45000010005000000080039000050200015000440400009000590410008000680820008000761000024000842450052001082500010001602600031001703000013002016530025002149293150225n xxk |||gr||||Z||||||eng a0521599350 cMAIN aeng a423 aJones, D.,eAuthor.1 aEnglish pronouncing dictionarycBy Daniel Jones a15th. aLondon:bCambridge,c2002. axx,558p. aEnglish dictionaries